|
|
|
|
| LEADER |
00000nab a2200000 a 4500 |
| 001 |
vtls000765046 |
| 003 |
SK-MaSNL |
| 005 |
20260303114111.0 |
| 008 |
180205c2001 xo 0 slo |
| 015 |
|
|
|a SNBRB2001/08-23705
|
| 035 |
|
|
|a CLN000116833
|
| 040 |
|
|
|a SNKBUCL
|b slo
|c SNKBUCL
|e AACR2
|
| 041 |
0 |
|
|a slo
|
| 044 |
|
|
|a xo
|c SK
|
| 080 |
|
|
|a 32-051
|2 UDC-MRF-SK2
|
| 080 |
|
|
|a 658.114-051
|2 UDC-MRF-SK2
|
| 100 |
1 |
|
|a Soviar, Juraj,
|d 1973-
|4 aut
|9 179562
|
| 245 |
1 |
0 |
|a Všetci chlapi mu už dnes netykajú
|b návrat do parlamentu by exminister hospodárstva ...
|c Juraj Soviar
|
| 300 |
|
|
|b Fotogr.
|
| 600 |
1 |
7 |
|a Černák, Ľudovít,
|d 1951-
|2 snkbucl
|9 224694
|
| 655 |
|
7 |
|a články z novín a časopisov
|2 snkbucl
|9 267496
|
| 773 |
0 |
|
|t Národná obroda
|g Roč. 12, č. 173 (28.7.2001)
|
| 773 |
0 |
|
|t [Príl.] Víkend
|g S. IV-V
|
| 850 |
|
|
|a Slovenská národná knižnica v Martine
|
| 852 |
|
|
|a SNK
|b KIS3GCP
|
| 958 |
|
|
|a RBX
|
| 999 |
|
|
|c 1897188
|d 1899118
|